World tables (Record no. 83268)

MARC details
000 -LEADER
fixed length control field 01230nam a2200229 a 4500
008 - FIXED-LENGTH DATA ELEMENTS--GENERAL INFORMATION
fixed length control field 120416s1991 ||||||||||||||||| || u
020 ## - INTERNATIONAL STANDARD BOOK NUMBER
International Standard Book Number 0801842522
050 ## - LIBRARY OF CONGRESS CALL NUMBER
Classification number IBRD(058)WT
110 ## - MAIN ENTRY--CORPORATE NAME
Corporate name or jurisdiction name as entry element World Bank
245 10 - TITLE STATEMENT
Title World tables
260 ## - PUBLICATION, DISTRIBUTION, ETC.
Place of publication, distribution, etc. Baltmore
Name of publisher, distributor, etc. The Johns Hopkins University Press
Date of publication, distribution, etc. 1991
300 ## - PHYSICAL DESCRIPTION
Extent xvi, 658p. : ill.
350 ## -
-- 0.00
362 1# -
-- 1991 - 1995
650 #0 - SUBJECT ADDED ENTRY--TOPICAL TERM
Topical term or geographic name entry element ECONOMIC INDICATORS
650 ## - SUBJECT ADDED ENTRY--TOPICAL TERM
Topical term or geographic name entry element DEVELOPMENT INDICATORS
995 ## -
-- SPECIAL COLLECTIONS
-- 019330
-- CBU-MAIN LIBRARY (Kitwe)
-- 0.00
-- IBRD(058)WT/1994
-- 4
-- AVAILABLE
-- Apr 29, 2014
-- 019330
-- International Publications
995 ## -
-- SPECIAL COLLECTIONS
-- 019329
-- CBU-MAIN LIBRARY (Kitwe)
-- 0.00
-- IBRD(058)WT/1995
-- 5
-- AVAILABLE
-- Apr 29, 2014
-- 019329
-- International Publications
995 ## -
-- SPECIAL COLLECTIONS
-- 019346
-- CBU-MAIN LIBRARY (Kitwe)
-- 0.00
-- IBRD(058)WT/1992
-- 2
-- AVAILABLE
-- Apr 29, 2014
-- 019346
-- International Publications
995 ## -
-- SPECIAL COLLECTIONS
-- 019331
-- CBU-MAIN LIBRARY (Kitwe)
-- 0.00
-- IBRD(058)WT/1993
-- 3
-- AVAILABLE
-- Apr 29, 2014
-- 019331
-- International Publications
995 ## -
-- SPECIAL COLLECTIONS
-- 0.00
-- 024814
-- CBU-MAIN LIBRARY (Kitwe)
-- 1
-- 58.00
-- IBRD(058)WT/1991
-- 1
-- AVAILABLE
-- 024814
-- International Publications
999 ## -
-- 83268
-- 83268
Holdings
Withdrawn status Lost status Source of classification or shelving scheme Damaged status Not for loan Permanent Location Current Location Shelving location Date acquired Total Checkouts Full call number Barcode Date last seen Copy number Price effective from Koha item type
          CBU-MAIN LIBRARY, KITWE. CBU-MAIN LIBRARY, KITWE.   10/25/2023   IBRD(058)WT/1994 019330 10/25/2023 1 10/25/2023 SPECIAL COLLECTION
          CBU-MAIN LIBRARY, KITWE. CBU-MAIN LIBRARY, KITWE.   10/25/2023   IBRD(058)WT/1994 019329 10/25/2023 2 10/25/2023 SPECIAL COLLECTION
          CBU-MAIN LIBRARY, KITWE. CBU-MAIN LIBRARY, KITWE.   10/25/2023   IBRD(058)WT/1994 019346 10/25/2023 3 10/25/2023 SPECIAL COLLECTION
          CBU-MAIN LIBRARY, KITWE. CBU-MAIN LIBRARY, KITWE.   10/25/2023   IBRD(058)WT/1994 019331 10/25/2023 4 10/25/2023 SPECIAL COLLECTION
          CBU-MAIN LIBRARY, KITWE. CBU-MAIN LIBRARY, KITWE.   10/25/2023   IBRD(058)WT/1994 024814 10/25/2023 5 10/25/2023 SPECIAL COLLECTION